000 00556nam a22001937a 4500
005 20220711151938.0
008 220711b ||||| |||| 00| 0 eng d
020 _a1900724219
040 _cAloy
082 _223
_a953.57
_bTRIU
100 _aTrident Press
_948086
245 _aUAE in focus:
_bA photographic history of the United Arab Emirates
260 _aUK:
_bTrident Press Ltd.
_c1998
300 _a300p.
_bHB
_c33x26cm.
650 _aPhotographs of UAE
_948087
650 _aTravel
_948088
700 _aTRIDENT PRESS
_948089
942 _2ddc
_cGF
999 _c223688
_d223688